| 000 | 00487nam a2200181Ia 4500 | ||
|---|---|---|---|
| 003 | GCL | ||
| 008 | 140319s9999 xx 000 0 eng d | ||
| 040 |
_aGCL / _cGCL |
||
| 082 | 0 | 4 |
_aCC _b726.1 _bW R |
| 100 | 1 | _aWEIGALL, ARTHUR | |
| 245 | 1 | 0 |
_aA REPORT ON THE ANTIQUITIES OF LOWER NUBIA / _cWEIGALL, ARTHUR |
| 260 |
_a[S.N] : _bDEPARTEMENT OF ANTIQUITIES ، _c1978 |
||
| 300 | _a142+94 PL | ||
| 650 | 0 | 4 | _aNUBIA |
| 650 | 0 | 4 | _aANCIENT EGYPT |
| 650 | 0 | 4 | _aARCHAEOLOGY |
| 942 |
_2ddc _cBK |
||
| 999 |
_c16910 _d16910 |
||